Páginas de mi Diario, durante tres años de viaje: 1853-1854-1855.

Kaydedildi:
Detaylı Bibliyografya
Yazar: Vicuña Mackenna, Benjamín, 1831-1886
Materyal Türü: Kitap
Dil:İspanyolca
Baskı/Yayın Bilgisi: Santiago, Chile Universidad de Chile 1936
Edisyon:Tercera edición
Seri Bilgileri:Obras Completas de Vicuña Mackenna. 1-2
Konular:
Etiketler: Etiketle
Etiket eklenmemiş, İlk siz ekleyin!

MARC

LEADER 00000cam a2200000 a 4500
001 UCJ8043
003 CL-VaPUC
005 20250227100138.0
008 070124e19360513CL |||||||||||||||||spa|d
999 |c 323897  |d 323895 
040 |c Pontificia Universidad Católica de Valparaíso 
082 0 4 |a 918.83 VIC 1936  |2 21 
100 |a Vicuña Mackenna, Benjamín,  |d 1831-1886  |x Político e historiador   |z Chile   |9 374 
245 1 0 |a Páginas de mi Diario, durante tres años de viaje: 1853-1854-1855. 
250 |a Tercera edición 
260 0 3 |a Santiago, Chile  |b Universidad de Chile  |c 1936 
300 |a 2 tomos. 
490 0 |a Obras Completas de Vicuña Mackenna.  |v 1-2 
500 |a El v. 1 trae una fotografía de Vicuña Mackenna a los 21 años; trae, además, un mapa que permite seguir el itenerario de los viajes del autor.- (Benelli, Bibliografía General de Vicuña Mackenna, N§ 5) 
583 |a last modification  |c 20120621 03:12:18  |k Rodrigo Vera 
650 7 |a DIARIO  |2 CL-VaPUC  |9 441581 
650 0 |a Viajes  |9 257115 
650 0 |a Iconografía   |9 267998 
650 0 |a Mapas  |9 260844 
650 7 |a INSTITUCIONES  |2 CL-VaPUC  |9 329701 
650 0 |a Cultura  |9 269059 
650 0 |a Religión   |9 255164 
650 7 |a INDUSTRIA  |2 CL-VaPUC  |9 315110 
650 0 |a Agricultura  |9 255598 
651 0 |a Inglaterra  |9 255158 
651 0 |a Irlanda  |9 324541 
651 0 |a Francia  |9 255157 
651 0 |a Alemania  |9 255688 
942 |c BK  |2 ddc 
945 |d 20070124 00:00:00  |a rinostro 
952 |0 0  |1 0  |2 ddc  |4 0  |6 918_830000000000000_VIC_1936  |7 0  |8 X  |9 403738  |a FDOBUD  |b FDOBUD  |d 2019-11-22  |h t.1  |i 1072153  |o 918.83 VIC 1936  |p 1072153  |r 2019-11-22  |t 1  |w 2019-11-22  |y BK_X  |k BUD 
952 |0 0  |1 0  |2 ddc  |4 0  |6 918_830000000000000_VIC_1936  |7 0  |8 X  |9 403739  |a FDOBUD  |b FDOBUD  |d 2019-11-22  |h t.2  |i 1072161  |o 918.83 VIC 1936  |p 1072161  |r 2019-11-22  |t 1  |w 2019-11-22  |y BK_X  |k BUD 
952 |0 0  |1 0  |2 ddc  |4 0  |6 918_830000000000000_VIC_1936  |7 0  |8 X  |9 403740  |a FDOBUD  |b FDOBUD  |d 2019-11-22  |h t.1  |i 1000675  |o 918.83 VIC 1936  |p 1000675  |r 2019-11-22  |t 2  |w 2019-11-22  |y BK_X  |k BUD 
952 |0 0  |1 0  |2 ddc  |4 0  |6 918_830000000000000_VIC_1936  |7 0  |8 X  |9 403741  |a FDOBUD  |b FDOBUD  |d 2019-11-22  |h t.2  |i 107217K  |o 918.83 VIC 1936  |p 107217K  |r 2019-11-22  |t 2  |w 2019-11-22  |y BK_X  |k BUD 
952 |0 0  |1 0  |2 ddc  |4 0  |6 918_830000000000000_VIC_1936  |7 0  |8 X  |9 403742  |a FDOBUD  |b FDOBUD  |d 2019-11-22  |h t.2  |i 4835107  |o 918.83 VIC 1936  |p 4835107  |r 2019-11-22  |t 3  |w 2019-11-22  |y BK_X  |k BUD